| 000 | 00523nam a22001577a 4500 | ||
|---|---|---|---|
| 999 |
_c108339 _d108339 |
||
| 005 | 20181013100316.0 | ||
| 008 | 181013b ||||| |||| 00| 0 eng d | ||
| 020 | _a9789352501878 | ||
| 040 | _cPK-LaUMT | ||
| 082 |
_a616.0757 _bAII- |
||
| 245 |
_aAIIMS-MAMC-PGI's comprehensive textbook of diagnostic radiology / _cedited by Niranjan Khandelwal, Veena Chowdhury and Arun Kumar Gupta |
||
| 260 |
_aNew Delhi : _bThe Health Sciences Publishers, _c2016 |
||
| 300 | _a3 vols. | ||
| 650 | _aDiagnostic radilogy | ||
| 942 | _cBK | ||